Villes de hockey de la LNH - Carte Quiz - Statistiques

Statistiques générales
  • Ce quiz a été pris 2 315 fois
  • Le résultat moyen est 12 sur 28
Réponses sur la Carte
Les réponses sont colorées sur une échelle allant du rouge au vert en fonction du pourcentage des utilisateurs qui les ont devinées à leur premier essai. Vous pouvez retrouver ces pourcentages ci-dessous.
 
Statistiques - réponses
Réponse % Correct
Canucks
71%
Canadiens
66%
Flames
57%
Jets
55%
Devils
Islanders
Rangers
52%
Sénators
51%
Lightning
50%
Maple Leafs
50%
Oilers
49%
Bruins
46%
Panthers
45%
Stars
44%
Golden Knights
42%
Blackhawks
40%
Avalanche
38%
Red Wings
38%
Hurricanes
37%
Capitals
36%
Coyotes
36%
Wild
36%
Sabres
35%
Ducks
Kings
34%
Sharks
33%
Penguins
31%
Predators
29%
Flyers
26%
Blue Jackets
24%
Blues
24%
Aucun quiz correspondant
Distribution des résultats
% des personnes avec chaque résultat
Percentile par nombre de réponses
Votre historique - résultats
Vous n’avez pas pris ce quiz